| Registos Bibliográficos associados ao registo de autoridade |
|
Etiqueta de registo: 00254nam 2200025 450 001 2288508 003 http://id.bnportugal.gov.pt/bib/catbnp/2288508 100 ## $a20260622d2025 k y0pory01030103ba 101 0# $aita$dpor$deng 102 ## $aPT 105 ## $ay m 001yy 106 ## $ar 200 1# $aMemorias, dispatrios literarios y diásporas$e una lectura poscolonial de Carmine Abate$e el caso italiano$fFrancesca Paola Casmiro Gallo$gorient. António Sousa Ribeiro, Margarida Calafate Ribeiro 210 #9 $aCoimbra$c[s.n.],$d2025 215 ## $a286 p.$d30 cm 328 #1 $aTese dout. Pós-colonialismos e Cidadania Global, Faculdade de Economia da Universidade
de Coimbra, 2025 700 #1 $aGallo,$bFrancesca Paola Casmiro$32001286 702 #1 $aRibeiro,$bAntónio Sousa,$f1952-$4727$376917 702 #1 $aRibeiro,$bMargarida,$f1965-$4727$31189109 801 #0 $aPT$bBN$gRPC 966 ## $lBN$mFGMON$x1 971 ## $cisantos$d20260622
|
|
|